00510nam a22001577a 450000500170000000800410001702000150005804100130007308200150008610000270010124500970012825000190022526000470024430000360029165000250032720240116084749.0231108b |||||||| |||| 00| 0 eng d a0702148105 aEnglish  a346.3 BUR  aBurchell, J lEnglish  aPersonality Rights and Freedom of Expression : bThe Modern Actio Injuriarum / cJ Burchell  aFirst Edition  aCape Town : bJuta and Company Ltd, c1998 bxxviii, 541 pages ; c25,5 cm.  aLegal practice bLaw